[Event "Warsaw zt-A"]
[Site "Warsaw"]
[Date "1987.??.??"]
[Round "?"]
[White "Marin, Mihail"]
[Black "Georgiev, Kiril"]
[Result "1-0"]
[WhiteElo "2445"]
[BlackElo "2590"]

1.d4 Nf6 2.c4 e6 3.Nc3 Bb4 4.e3 c5 5.Ne2 cxd4 6.exd4 O-O 7.a3 Be7 8.g3 d5
9.c5 b6 10.b4 a5 11.Rb1 axb4 12.axb4 bxc5 13.dxc5 Nc6 14.Bg2 Rb8 15.Ba3 Bd7
16.O-O Na7 17.Re1 Ne8 18.Nd4 Nc7 19.f4 Bf6 20.Qd2 Re8 21.Nce2 Ncb5 22.Bb2 Nc6
23.Nxb5 Rxb5 24.Bf1 Qe7 25.Bxf6 Qxf6 26.Nc1 Rbb8 27.Nd3 Rec8 28.Qf2 Be8 29.b5 Nd4
30.b6 Nc6 31.Rec1 g5 32.Nb4 gxf4 33.Qxf4 Qe7 34.Ba6 Rd8 35.Qc7 Qg5 36.Qf4 Qxf4
37.gxf4 Kf8 38.Bb5 Rdc8 39.Ba6 Rd8 40.Bb5 Rdc8 41.Na6 Rb7 42.Kf2 Ke7 43.Ke3 Bd7
44.Rg1 Kf6 45.Bxc6 Bxc6 46.Nb4 Rbb8 47.Ra1 Bb5 48.Kd4 Kf5 49.Ra7 f6 50.Rf7 Rxb6
51.Nc2 e5+ 52.fxe5 Rbc6 53.Ne3+ Kf4 54.Nxd5+ Kf5 55.Ne3+ Kf4 56.Rg4+ Kf3
57.Rxf6+ Rxf6 58.Rg3+ Kf4 59.Nd5+ Kf5 60.Rf3+ Kg4 61.Rxf6 h5 62.e6 Kh3 63.e7 h4
64.Rf8 Re8 65.Rxe8 Bxe8 66.Nf6 Bc6 67.e8=Q Bxe8 68.Nxe8 Kxh2 69.Ke3 h3 70.Nf6  1-0

[Event "Warsaw zt-A"]
[Site "Warsaw"]
[Date "1987.??.??"]
[Round "?"]
[White "Jansa, Vlastimil"]
[Black "Georgiev, Kiril"]
[Result "1/2-1/2"]
[WhiteElo "2465"]
[BlackElo "2590"]

1.e4 c5 2.g3 Nc6 3.Bg2 g6 4.Ne2 Bg7 5.c3 e5 6.d3 Nge7 7.O-O O-O 8.a3 a5 9.Be3 b6
10.d4 exd4 11.cxd4 d6 12.Nbc3 Ba6 13.Re1 Rc8 14.f4 d5 15.e5 Nf5  1/2-1/2

[Event "Warsaw zt-A"]
[Site "Warsaw"]
[Date "1987.??.??"]
[Round "?"]
[White "Gheorghiu, Florin"]
[Black "Georgiev, Kiril"]
[Result "1/2-1/2"]
[WhiteElo "2540"]
[BlackElo "2590"]

1.d4 Nf6 2.c4 e6 3.Nf3 d5 4.Nc3 Be7 5.Bg5 h6 6.Bxf6 Bxf6 7.e3 O-O 8.Rc1 c6
9.Bd3 Nd7 10.O-O dxc4 11.Bxc4 e5  1/2-1/2

[Event "Warsaw zt-A"]
[Site "Warsaw"]
[Date "1987.??.??"]
[Round "?"]
[White "Andonov, Bogomil"]
[Black "Georgiev, Kiril"]
[Result "0-1"]
[WhiteElo "2450"]
[BlackElo "2590"]

1.e4 c5 2.Ne2 d6 3.d4 cxd4 4.Nxd4 Nf6 5.f3 Nc6 6.c4 Qb6 7.Nc2 g6 8.Nc3 Bg7
9.Rb1 O-O 10.Be3 Qd8 11.Be2 b6 12.O-O Bb7 13.Qd2 Rc8 14.Rfd1 Re8 15.Nd5 Nd7
16.b4 Ba8 17.f4 Nf6 18.Nxf6+ Bxf6 19.Bg4 Rb8 20.Qe2 e5 21.Bf3 exf4 22.Bxf4 Ne5
23.Ne3 Bg5 24.Bxg5 Qxg5 25.Nd5 Rbc8 26.Rd4 Bxd5 27.Rxd5 Rxc4 28.Rxd6 Rec8
29.Kh1 Rc2 30.Qf1 Nxf3 31.Qxf3 Rc1+ 32.Rxc1 Rxc1+ 33.Rd1 Qd2 34.Rf1 Rxf1+
35.Qxf1 Qxb4 36.e5 Qb2 37.Qe1 Qxa2 38.h3 Qe6 39.Qc3 a5 40.Qc7 Kg7  0-1

[Event "Warsaw zt-playoff"]
[Site "Warsaw"]
[Date "1987.??.??"]
[Round "1"]
[White "Marin, Mihail"]
[Black "Georgiev, Kiril"]
[Result "1-0"]
[WhiteElo "2445"]
[BlackElo "2590"]

1.d4 Nf6 2.c4 g6 3.Nc3 d5 4.Nf3 Bg7 5.Bg5 Ne4 6.cxd5 Nxg5 7.Nxg5 e6 8.Qd2 exd5
9.Qe3+ Kf8 10.h4 h6 11.Nf3 Be6 12.Qf4 c6 13.e3 Nd7 14.Bd3 Bf6 15.O-O-O Qb8
16.Ne2 Kg7 17.Rdg1 Be7 18.Qxb8 Raxb8 19.Nf4 Bg4 20.Nh2 Nf6 21.Nxg4 Nxg4 22.Rf1 Bd6
23.h5 g5 24.Ne2 Rhe8 25.Kd2 Re7 26.Bf5 Nf6 27.Nc3 Rbe8 28.Re1 a6 29.Rc1 Rc7
30.g4 Ree7 31.a3 b6 32.Na4 b5 33.Nc5 Ra7 34.f3 a5 35.Nd3 Rec7 36.Rc2 b4 37.a4 b3
38.Rcc1 Rab7 39.Ke2 Bb4 40.Rhd1 Rb6 41.Nc5 Ne8 42.Nxb3 Nd6 43.Rc2 Nxf5 44.gxf5 Kf6
45.e4 Re7 46.Kd3 g4 47.e5+ Kxf5 48.fxg4+ Kxg4 49.Rg1+ Kh3 50.Ke3 Ba3 51.Kf4  1-0

[Event "Warsaw zt-playoff"]
[Site "Warsaw"]
[Date "1987.??.??"]
[Round "6"]
[White "Schmidt, Wlodzimierz"]
[Black "Georgiev, Kiril"]
[Result "1/2-1/2"]
[WhiteElo "2470"]
[BlackElo "2590"]

1.d4 Nf6 2.c4 e6 3.Nf3 d5 4.Nc3 Be7 5.Bg5 h6 6.Bxf6 Bxf6 7.e3 O-O 8.Rc1 a6
9.Qd2 dxc4 10.Bxc4 Nd7 11.b4 Be7 12.Ne4 a5 13.bxa5 c6 14.a6 b5 15.Bb3 Qb6
16.O-O Bxa6 17.Rc2 Rac8 18.Rd1 c5 19.dxc5 Nxc5 20.Nxc5 Rxc5 21.Rxc5 Qxc5
22.Rc1 Qa3 23.Rc7 Rd8 24.Qc2 Bd6 25.Qc1 Qa5 26.Rc2 Ba3 27.Qa1 Bb7 28.Nd4 Be4
29.Rc3 Bb4 30.Rc1 Qa8 31.Rc7 Bf8 32.Bxe6 Bg6 33.Bb3 b4 34.h3 Qa5 35.Qc1 Bd6
36.Rc6 Qe5 37.Nf3 Qe8 38.Nd4 Be4 39.Ra6 Qe5 40.f4 Qc5 41.Qxc5 Bxc5 42.Kf2 Bb7
43.Ra5 Bxd4 44.exd4 Rxd4 45.Rb5 Bc6 46.Rb8+ Kh7 47.f5 g5 48.Rb6 Rf4+ 49.Kg1 Bd7
50.g3 Rd4 51.g4 h5 52.gxh5 Bxf5 53.Bxf7 Kg7 54.Bg6 Bxg6 55.Rxg6+ Kh7 56.Rxg5 Rd1+
57.Kh2 Kh6 58.Kg2 Rb1  1/2-1/2

[Event "Brocco op"]
[Site "Brocco"]
[Date "1988.??.??"]
[Round "?"]
[White "Georgiev, Kiril"]
[Black "Rogers, Ian"]
[Result "1-0"]
[WhiteElo "2595"]
[BlackElo "2520"]

1.d4 Nf6 2.c4 e6 3.Nc3 Bb4 4.Qc2 c5 5.dxc5 Bxc5 6.Nf3 Nc6 7.Bg5 Nd4 8.Nxd4 Bxd4
9.e3 Qa5 10.exd4 Qxg5 11.Qd2 Qxd2+ 12.Kxd2 d6 13.Bd3 b6 14.Rhe1 O-O 15.b4 Ba6
16.a4 Bb7 17.f3 a5 18.Rab1 Bc6 19.bxa5 bxa5 20.Rb6 Rfc8 21.d5 Bxd5 22.cxd5 Rxc3
23.dxe6 fxe6 24.Rxd6 Ra3 25.Bc2 Nd5 26.Rexe6 Nb4 27.Be4 Rf8 28.g4 Rxa4 29.h4 Ra2+
30.Kc3 Rh2 31.h5 Na2+ 32.Kc4 Rc8+ 33.Rc6 Rb8 34.Re7 Rh1 35.Kd4  1-0

[Event "Brocco op"]
[Site "Brocco"]
[Date "1988.??.??"]
[Round "?"]
[White "Georgiev, Kiril"]
[Black "Schneiders, Albert"]
[Result "1-0"]
[WhiteElo "2595"]
[BlackElo "2265"]

1.d4 Nf6 2.c4 e6 3.Nf3 b6 4.g3 Bb7 5.Bg2 Be7 6.O-O O-O 7.Nc3 Ne4 8.Qc2 Nxc3
9.Qxc3 d6 10.b3 Nd7 11.Bb2 f5 12.Ng5 Bxg2 13.Nxe6 Qc8 14.Kxg2 Rf6 15.d5 Nf8
16.Qe3 Nxe6 17.Bxf6 Bxf6 18.dxe6 Bxa1 19.Rxa1 Qb7+ 20.Qf3 Qe4 21.Qxe4 fxe4
22.f4 exf3+ 23.exf3 Re8 24.Re1 g6 25.g4 Kg7 26.g5 h5 27.Re4 Kf8 28.Rf4+ Kg7  1-0

[Event "BUL-ch"]
[Site "BUL"]
[Date "1988.??.??"]
[Round "?"]
[White "Semkov, Semko"]
[Black "Georgiev, Kiril"]
[Result "1/2-1/2"]
[WhiteElo "2470"]
[BlackElo "2595"]

1.d4 Nf6 2.c4 e6 3.Nc3 Bb4 4.e3 O-O 5.Bd3 d5 6.Nf3 c5 7.O-O dxc4 8.Bxc4 cxd4
9.exd4 b6 10.Bg5 Bb7 11.Re1 Nbd7 12.Rc1 Be7 13.Ne5 Nxe5 14.dxe5 Nd7 15.Bxe7 Qxe7
16.Nb5 a6 17.Qd6 Qg5 18.Bf1 Nxe5 19.Qxe5 Qxe5 20.Rxe5 axb5 21.Rxb5 Rxa2 22.Rxb6 Bd5
23.f3 g5 24.Kf2 Rd8 25.Ke3 Ra4 26.Rc7 g4 27.Be2 gxf3 28.Bxf3 Bxf3 29.Kxf3 Rd5
30.Rc3 Rd2 31.Rb5 Kg7 32.h3 Ra2 33.Rcb3 Ra1 34.Rg5+ Kf6 35.Rg4 Rf1+ 36.Kg3 Rff2
37.Rf3+ Rxf3+ 38.gxf3 Rxb2 39.Rf4+ Kg7 40.Rg4+ Kh8 41.Ra4 Rb5 42.Ra7 Kg7
43.Rc7 Kg6 44.Rc8 Rg5+ 45.Kh4 Kf6 46.Ra8 Rg7 47.Ra5 e5 48.f4 exf4 49.Ra6+ Kf5
50.Ra5+ Ke4 51.Ra4+ Kf3 52.Ra3+ Kf2 53.Ra2+ Kg1 54.Ra1+ Kh2 55.Rf1 f5 56.Rxf4 Rf7
57.Kg5 Kxh3 58.Rxf5 h6+ 59.Kg6 Rxf5 60.Kxf5 h5 61.Kf4  1/2-1/2

[Event "BUL-ch"]
[Site "BUL"]
[Date "1988.??.??"]
[Round "?"]
[White "Georgiev, Kiril"]
[Black "Donchev, Dimitar I"]
[Result "1/2-1/2"]
[WhiteElo "2595"]
[BlackElo "2470"]

1.e4 Nf6 2.e5 Nd5 3.d4 d6 4.Nf3 dxe5 5.Nxe5 g6 6.Bc4 Be6 7.Nc3 Bg7 8.Qf3 c6
9.Ne4 O-O 10.O-O Nd7 11.Nxd7 Bxd7 12.c3 Bf5 13.Re1 Bxe4 14.Qxe4 e6 15.a4 a5
16.Bd2 Qd7 17.Rad1 b5 18.Bb3 Nb6 19.Qc2 bxa4 20.Bxa4 Nxa4 21.Qxa4 Qb7 22.Bc1 Qb5
23.Qc2 a4 24.Bf4 Ra7 25.Bd6 Rfa8 26.Ra1 Rb7 27.Re2 Qc4 28.h3 Rb3 29.Ra3 Bf8
30.Bxf8  1/2-1/2

[Event "BUL-ch"]
[Site "BUL"]
[Date "1988.??.??"]
[Round "?"]
[White "Tsvetkov, Ilia"]
[Black "Georgiev, Kiril"]
[Result "1/2-1/2"]
[WhiteElo "2285"]
[BlackElo "2595"]

1.d4 Nf6 2.c4 c5 3.d5 d6 4.Nc3 g6 5.e4 Bg7 6.Be2 O-O 7.Bg5 a6 8.Qd2 b5 9.cxb5 axb5
10.Bxb5 Qa5 11.a4 Ba6 12.f3 Bxb5 13.Nxb5 Qxb5 14.axb5 Rxa1+ 15.Kf2 Nbd7 16.g3 Rb8
17.Kg2 Ne5 18.Qe2 c4 19.Nh3 Ra2 20.Nf2 Rxb5 21.Bc1 Rb3 22.f4 c3 23.Qc2 Rbxb2
24.Bxb2 Rxb2 25.Qxb2 cxb2 26.fxe5 Nd7 27.Nd3 Bxe5 28.Rb1 Nc5 29.Nxe5 dxe5
30.Rxb2 Nxe4 31.Rb7 Kf8 32.Rb8+ Kg7 33.Re8 Kf6 34.g4 g5 35.Rh8 Nc3 36.Rxh7 Kg6
37.Rh8 Nxd5 38.h4 gxh4 39.Rxh4 e6 40.Kf3 f5 41.gxf5+ exf5 42.Ra4 Kg5 43.Rc4 Nf6
44.Rc5 e4+ 45.Kg3 Nh5+ 46.Kf2 Kf4 47.Rc4 Nf6 48.Rc5 Nd7 49.Ra5 Ne5 50.Ke2 Nf7
51.Ra7 Ng5 52.Ra1 Nf3 53.Ra4 Kg4 54.Rb4 Ng5 55.Rb5 Nf7 56.Rb4 Kf4 57.Ra4 Nd6
58.Ra5 Nc4 59.Rc5 Ne3 60.Ra5 Nc2 61.Ra4 Ne3 62.Ra5 Ng4 63.Rb5 Nf6 64.Ra5 Kg4
65.Ra6 Nh5 66.Ke3 Kg5 67.Ra5 Ng3 68.Kf2 Kf4 69.Ra4 Nh5 70.Ke2 Nf6 71.Ra5 Kg4
72.Ra6 Nd5 73.Ra5 Nf4+ 74.Ke3 Ng2+ 75.Kf2 Nh4 76.Ke3 Nf3 77.Rb5 Ng5 78.Ke2 f4
79.Re5 Kh4 80.Rf5 Ne6 81.Rxf4+ Nxf4+ 82.Ke3  1/2-1/2

[Event "BUL-ch"]
[Site "BUL"]
[Date "1988.??.??"]
[Round "?"]
[White "Kolev, Atanas"]
[Black "Georgiev, Kiril"]
[Result "0-1"]
[WhiteElo "2395"]
[BlackElo "2595"]

1.d4 Nf6 2.c4 e6 3.Nf3 d5 4.Nc3 Be7 5.Bg5 h6 6.Bh4 O-O 7.e3 b6 8.Be2 Bb7
9.cxd5 Nxd5 10.Bxe7 Qxe7 11.Nxd5 Bxd5 12.Rc1 Rc8 13.O-O c5 14.dxc5 Rxc5 15.Rxc5 Qxc5
16.Qa4 Bc6 17.Qd4 Nd7 18.Qxc5 bxc5 19.Rc1 Rb8 20.b3 Kf8 21.Ne1 Ke7 22.f3 g5
23.Kf2 f5 24.Nd3 Kd6 25.h4 Bd5 26.hxg5 hxg5 27.Nb2 Ne5 28.Na4 c4 29.bxc4 Bc6
30.c5+ Ke7 31.Nc3 Rb2 32.Kf1 g4 33.e4 g3 34.a4 f4 35.Bb5 Bxb5+ 36.axb5 Nd3
37.Rb1 Rf2+ 38.Kg1 Nxc5 39.Nd1 Rc2 40.Kf1  0-1

[Event "BUL-ch"]
[Site "BUL"]
[Date "1988.??.??"]
[Round "?"]
[White "Radulov, Ivan"]
[Black "Georgiev, Kiril"]
[Result "1-0"]
[WhiteElo "2435"]
[BlackElo "2595"]

1.Nf3 Nf6 2.g3 g6 3.Bg2 Bg7 4.d4 O-O 5.O-O d6 6.c4 Nc6 7.Nc3 a6 8.h3 Rb8
9.a3 b5 10.cxb5 axb5 11.b4 Nd7 12.e4 Nb6 13.Re1 Na7 14.Qb3 c6 15.Bf4 h6 16.Rad1 g5
17.Bc1 g4 18.hxg4 Bxg4 19.Rd3 Nc4 20.Nh4 e6 21.Bf3 Bxf3 22.Nxf3 f5 23.exf5 Rxf5
24.Rxe6 Qd7 25.Re2 Rbf8 26.Nh4 Rh5 27.Qd1 d5 28.Re1 Rxh4 29.gxh4 Nd6 30.Qe2 Nf5
31.Qe6+ Qxe6 32.Rxe6 Bxd4 33.Rf3 Bg7 34.Ne2 Nc8 35.Rxc6 Ncd6 36.Ng3 Nd4 37.Rxf8+ Bxf8
38.Rc5 Nf3+ 39.Kf1 d4 40.Nf5 Nc4 41.Rd5  1-0

[Event "BUL-ch"]
[Site "BUL"]
[Date "1988.??.??"]
[Round "?"]
[White "Velikov, Petar"]
[Black "Georgiev, Kiril"]
[Result "1/2-1/2"]
[WhiteElo "2475"]
[BlackElo "2595"]

1.Nf3 f5 2.g3 Nf6 3.Bg2 g6 4.O-O Bg7 5.d4 O-O 6.b3 Ne4 7.Bb2 d5 8.Qc1 Nc6
9.c4 e6 10.Rd1 a5 11.Ne5 Nxe5 12.dxe5 c6 13.f3 Ng5 14.Qe3 b6 15.Nd2 Bd7 16.Rac1  1/2-1/2

[Event "Burgas"]
[Site "Burgas"]
[Date "1988.??.??"]
[Round "?"]
[White "Georgiev, Kiril"]
[Black "Konjevic, Djordje"]
[Result "1/2-1/2"]
[WhiteElo "2595"]
[BlackElo "2320"]

1.d4 d5 2.c4 e6 3.Nf3 Nf6 4.Nc3 Be7 5.Bg5 h6 6.Bh4 O-O 7.e3 b6 8.Rc1 Bb7
9.cxd5 Nxd5 10.Nxd5 exd5 11.Bxe7 Qxe7 12.Qa4 c5 13.Qa3 Rc8 14.Be2 Nd7 15.O-O Qe6
16.Bb5 c4 17.Bxd7 Qxd7 18.Ne5 Qe8 19.Qd6 Rd8 20.Qc7 Rab8 21.Nf3 b5 22.Qa5 Ra8
23.a3 Rd6 24.Qb4 Rb6 25.Qa5 Bc8 26.Rfe1 Bf5 27.Nd2 Qd7 28.Nf1 Bd3 29.Ng3 Rg6
30.f3 Re8 31.Kf2 Rge6 32.Qd2 Qd8 33.Kg1 Qg5 34.Kf2 h5 35.h4 Qe7 36.Rh1 Rxe3
37.Rce1 Rxe1 38.Rxe1 Qxe1+ 39.Qxe1 Rxe1 40.Kxe1 g6 41.Nh1 a5 42.Nf2 Bf5 43.Kd2 b4
44.axb4 axb4 45.Nd1 Be6 46.Ne3 f6 47.Nc2 b3 48.Ne3 Kf8 49.g3 Ke7 50.Kc3 Kd6
51.Kd2 Bd7 52.f4 Bf5 53.Kc3 Be4 54.Kb4 Bd3 55.Kc3  1/2-1/2

[Event "Burgas"]
[Site "Burgas"]
[Date "1988.??.??"]
[Round "?"]
[White "Cherepkov, Alexander V"]
[Black "Georgiev, Kiril"]
[Result "1-0"]
[WhiteElo "2405"]
[BlackElo "2595"]

1.d4 Nf6 2.c4 e6 3.Nc3 d5 4.cxd5 exd5 5.Bg5 Be7 6.e3 O-O 7.Bd3 c6 8.Qc2 Nbd7
9.Nge2 Re8 10.h3 Nf8 11.O-O-O a5 12.Kb1 a4 13.Nxa4 Qa5 14.Nac3 Ne4 15.Bxe7 Rxe7
16.Bxe4 dxe4 17.d5 c5 18.Nc1 f5 19.Qb3 Rf7 20.Qb5 Qa7 21.f3 Bd7 22.Qe2 Qa5
23.fxe4 fxe4 24.Rhf1 Re7 25.Qf2 Bb5 26.Nxb5 Qxb5 27.Qf5 Qe8 28.d6 Rf7 29.d7 Qxd7
30.Qxf7+  1-0

[Event "Burgas"]
[Site "Burgas"]
[Date "1988.??.??"]
[Round "?"]
[White "Zlatilov, Ivailo"]
[Black "Georgiev, Kiril"]
[Result "1-0"]
[WhiteElo "2385"]
[BlackElo "2595"]

1.d4 Nf6 2.Nf3 e6 3.c4 d5 4.Nc3 Nbd7 5.cxd5 exd5 6.Bg5 Be7 7.e3 c6 8.Qc2 O-O
9.Bd3 Re8 10.O-O Nf8 11.Rae1 Ne4 12.Bxe7 Qxe7 13.Bxe4 dxe4 14.Nd2 f5 15.f3 exf3
16.Nxf3 Ng6 17.e4 fxe4 18.Rxe4 Bf5 19.Rxe7 Bxc2 20.Rxb7 Reb8 21.Rxb8+ Rxb8
22.Ne1  1-0

[Event "Thessaloniki ol (Men)"]
[Site "Thessaloniki"]
[Date "1988.??.??"]
[Round "2"]
[White "Georgiev, Kiril"]
[Black "Milos, Gilberto"]
[Result "1/2-1/2"]
[WhiteElo "2595"]
[BlackElo "2530"]

1.e4 e5 2.Nf3 Nc6 3.Bb5 a6 4.Ba4 Nf6 5.O-O Be7 6.Re1 b5 7.Bb3 O-O 8.c3 d6
9.h3 Nd7 10.d4 Bf6 11.a4 Rb8 12.axb5 axb5 13.Be3 Ne7 14.Ng5 h6 15.h4 Bb7
16.Qg4 hxg5 17.hxg5 exd4 18.cxd4 c5 19.gxf6 Nxf6 20.Qh4 Ng6 21.Qg5 c4 22.Bd1 Bxe4
23.Nc3 b4 24.Nxe4 Nxe4 25.Qd5 Re8 26.Ra7 Qf6 27.Qxc4 Nf4 28.Bg4 d5 29.Qc7 Ne6
30.Qe5 Qxe5 31.dxe5 N4c5 32.Rd1 Red8 33.Bxc5 Nxc5 34.Ra5 Ne6 35.Raxd5 Rxd5
36.Rxd5 Rc8 37.Rb5 Rc1+ 38.Kh2 Rc4 39.Rb8+ Kh7 40.Bf5+ Kh6 41.g3 Kg5 42.Bb1 Rc1
43.Be4 Nc5 44.Rc8 Re1 45.Bc2 Ne6 46.Kh3 g6 47.Rc4 Re2 48.f4+ Kh6 49.b3 Kg7
50.Kg4 Kf8 51.Be4  1/2-1/2

[Event "Thessaloniki ol (Men)"]
[Site "Thessaloniki"]
[Date "1988.??.??"]
[Round "3"]
[White "Wong Foong Yin"]
[Black "Georgiev, Kiril"]
[Result "0-1"]
[WhiteElo "2250"]
[BlackElo "2595"]

1.d4 Nf6 2.c4 c5 3.d5 d6 4.Nc3 g6 5.Nf3 Bg7 6.e4 O-O 7.Be2 e6 8.O-O Na6 9.h3 Nc7
10.Re1 exd5 11.exd5 Re8 12.Bf4 Bf5 13.Bd3 Rxe1+ 14.Nxe1 Bxd3 15.Qxd3 a6 16.a4 b6
17.Nf3 Qd7 18.Re1 Re8 19.Rxe8+ Ncxe8 20.b3 h6 21.Kf1 Kh7 22.g4 Ng8 23.Ne2 Ne7
24.Ng3 Nf6 25.Nd2 Ne8 26.Nf3 Kg8 27.Kg2 b5 28.axb5 axb5 29.Nd2 bxc4 30.bxc4 g5
31.Be3 Be5 32.Nf3 Bxg3 33.fxg3 f6 34.Nd2 Kg7 35.Nf3 Ng6 36.Bd2 Ne5 37.Qb3 Qe7
38.Bc3 Nxg4 39.hxg4 Qe2+ 40.Kh3 Qxf3 41.Kh2 Qxg4 42.Qb7+ Kf8 43.Ba5 Qe2+
44.Kg1 Qe3+ 45.Kg2 Qe4+ 46.Kg1 Qxc4 47.Bd8 Qe4 48.Qa8 Qf3  0-1

[Event "Thessaloniki ol (Men)"]
[Site "Thessaloniki"]
[Date "1988.??.??"]
[Round "9"]
[White "Georgiev, Kiril"]
[Black "Hort, Vlastimil"]
[Result "1-0"]
[WhiteElo "2595"]
[BlackElo "2595"]

1.d4 d6 2.Nf3 Bg4 3.c4 g6 4.Qb3 Qc8 5.h3 Bxf3 6.Qxf3 Nc6 7.e3 Bg7 8.Nc3 f5
9.g4 e5 10.gxf5 exd4 11.Nd5 Ne5 12.Qg2 c6 13.exd4 cxd5 14.dxe5 Bxe5 15.Qxd5 Ne7
16.Qb5+ Nc6 17.fxg6 hxg6 18.Be3 a6 19.Qb6 a5 20.Bd3 a4 21.c5 d5 22.O-O-O O-O
23.Rhg1 Rf6 24.Bxg6 Kh8 25.Rxd5 Ra6 26.Qb5 a3 27.b3 Qe6 28.Qd3 Ra8 29.Qe4 Bb2+
30.Kb1 Qxe4+ 31.Bxe4 Ne5 32.f4 Nf7 33.Rh5+ Rh6 34.Rxh6+ Nxh6 35.Bxb7 Re8
36.Re1  1-0

[Event "Thessaloniki ol (Men)"]
[Site "Thessaloniki"]
[Date "1988.??.??"]
[Round "14"]
[White "Nogueiras, Jesus"]
[Black "Georgiev, Kiril"]
[Result "1-0"]
[WhiteElo "2550"]
[BlackElo "2595"]

1.d4 Nf6 2.c4 d6 3.Nc3 Nbd7 4.Nf3 c6 5.e4 e5 6.Be2 g6 7.O-O Bg7 8.d5 Qe7
9.b4 O-O 10.a3 a5 11.Rb1 h6 12.Ne1 Ne8 13.Nd3 axb4 14.axb4 c5 15.bxc5 dxc5
16.Be3 b6 17.Nb2 Nd6 18.Nba4 Ra6 19.f3 Bb7 20.Nb5 Nxb5 21.Rxb5 Rfa8 22.Nc3 h5
23.Qd2 Ra3 24.Rb2 Qd8 25.Nb5 Ra1 26.Rfb1 Bf8 27.Qc1 R1a6 28.Bf1 Ra2 29.Rxa2 Rxa2
30.Nc3 Ra6 31.Ra1 Qa8 32.Rxa6 Qxa6 33.Qb2 Qa5 34.Bd2 Ba6 35.Be2 Kh7 36.Nb5 Qa4
37.Nc3 Qa5 38.Nb5 Qa4 39.Nc3 Qa5 40.g4 h4 41.g5 Be7 42.Qa2 Qxa2 43.Nxa2 Kg7
44.Nc3 Bd8 45.Kg2 f6 46.gxf6+ Kxf6 47.Nd1 Nf8 48.Nf2 Bc8 49.f4 exf4 50.Bxf4 g5
51.Bb8 Ng6 52.e5+ Kg7 53.e6 Nf4+ 54.Bxf4 gxf4 55.Ne4 Bb7 56.Bf3 Be7 57.d6 Bxe4
58.dxe7 Bg6 59.Bc6 Kf6 60.e8=Q Bxe8 61.Bxe8 Kxe6 62.Kf3 Ke5 63.Bb5 Kf5 64.Bd7+ Ke5
65.Bh3 Kd4  1-0

[Event "EU-chT"]
[Site "Haifa"]
[Date "1989.??.??"]
[Round "2"]
[White "Sznapik, Aleksander"]
[Black "Georgiev, Kiril"]
[Result "1/2-1/2"]
[WhiteElo "2450"]
[BlackElo "2590"]

1.e4 c5 2.Nf3 d6 3.d4 cxd4 4.Nxd4 Nf6 5.Nc3 g6 6.Be3 Bg7 7.f3 Nc6 8.Qd2 O-O
9.Bc4 Nd7 10.O-O-O Nb6 11.Bb3 Na5 12.Qe2 Nxb3+ 13.axb3 a5 14.Ndb5 Bd7 15.Na4 Nxa4
16.bxa4 Bxb5 17.Qxb5 Qc7 18.Rd5 Rfc8 19.Qb3 Ra6 20.Kb1 Rc6 21.Rc1 b6 22.Rb5 Rb8
23.h4 h5 24.c4 Rc5 25.Bxc5 dxc5 26.Rd1 e6 27.Qe3 Be5 28.g4 hxg4 29.fxg4 Rd8
30.Rxd8+ Qxd8 31.Qe2 Kg7 32.h5 g5 33.Rb3 Kh6 34.Rd3 Qe8 35.Qc2 Bd4 36.Rf3 Qd7
37.Rf1 Qc7 38.Qe2 Bg7 39.Qf3 Qe5 40.Rf2 Qd4 41.Rc2 Qd7 42.Rc1 Be5 43.Qb3 Qd2
44.Qc2 Qd7 45.Rf1 Bd4 46.Ka2 Qb7 47.Kb3 Qc7 48.Qe2 Qg3+ 49.Ka2 Qc7 50.e5 Bxe5
51.Rxf7 Qxf7 52.Qxe5 Qe8 53.Kb3 Qg8 54.Ka3 Qe8 55.Qf6+ Kh7 56.Qxg5 e5 57.Qf5+ Kh6
58.Qf6+ Kh7 59.h6 Qd7 60.g5 e4 61.Qe5 Qd3+ 62.b3 Qd4 63.Qf5+  1/2-1/2

[Event "EU-chT"]
[Site "Haifa"]
[Date "1989.??.??"]
[Round "7"]
[White "Hellers, Ferdinand"]
[Black "Georgiev, Kiril"]
[Result "0-1"]
[WhiteElo "2560"]
[BlackElo "2590"]

1.e4 c5 2.Nf3 d6 3.d4 cxd4 4.Nxd4 Nf6 5.Nc3 g6 6.Be3 Bg7 7.f3 Nc6 8.Qd2 O-O
9.O-O-O Nxd4 10.Bxd4 Be6 11.Kb1 Qc7 12.g4 Rfc8 13.h4 Qa5 14.a3 Rab8 15.h5 b5
16.h6 b4 17.Nd5 Nxd5 18.hxg7 Nc3+ 19.Ka1 f6 20.Re1 Nb5 21.Bxb5 Qxb5 22.Rh2 bxa3
23.b3 Qb4 24.Bxa7 Qxd2 25.Rxd2 Ra8 26.Bd4 h6 27.Ka2 Kxg7 28.Re3 Ra4 29.c4 Ra6
30.Rc3 g5 31.Rdc2 Bf7 32.Be3 h5 33.gxh5 Bxh5 34.Bc1 Bf7 35.c5 dxc5 36.Rxc5 Rb8
37.R2c3 Rab6 38.Kxa3 Rxb3+ 39.Rxb3 Rxb3+ 40.Ka4 Rxf3  0-1

[Event "Primorsko op"]
[Site "Primorsko"]
[Date "1989.??.??"]
[Round "?"]
[White "Georgiev, Kiril"]
[Black "Stoinov, Ivan"]
[Result "1-0"]
[WhiteElo "2590"]
[BlackElo "2310"]

1.e4 e5 2.Nf3 Nc6 3.Bb5 g6 4.O-O Bg7 5.c3 d6 6.d4 Bd7 7.Be3 a6 8.Ba4 Nh6
9.h3 f6 10.c4 Nf7 11.Nc3 Ne7 12.c5 exd4 13.Nxd4 O-O 14.cxd6 Nxd6 15.Qb3+ Kh8
16.Bxd7 Qxd7 17.Ne6 Rfe8 18.Bf4 Nec8 19.Nc5 Qc6 20.Qd5 Qb6 21.N5a4 Qa7 22.Be3 Qb8
23.Rad1 Ne7 24.Qb3 Nc6 25.Rxd6 cxd6 26.Nb6 Qc7 27.Nxa8 Rxa8 28.Rd1 b5 29.a4 bxa4
30.Qc4 Rc8 31.Qxa6 Rb8 32.Nd5 Qb7 33.Qxb7 Rxb7 34.Rc1  1-0

[Event "Primorsko op"]
[Site "Primorsko"]
[Date "1989.??.??"]
[Round "?"]
[White "Georgiev, Kiril"]
[Black "Becker, Mario"]
[Result "1/2-1/2"]
[WhiteElo "2590"]
[BlackElo "2300"]

1.e4 c5 2.Nf3 d6 3.c3 Nf6 4.Be2 Nc6 5.d4 cxd4 6.cxd4 Nxe4 7.d5 Qa5+ 8.Nc3 Nxc3
9.bxc3 Ne5 10.Nxe5 dxe5 11.O-O e6 12.Rb1 Bc5 13.Bb5+ Ke7 14.Qg4 Kf8 15.Qf3 Qxa2
16.Rb2 Qxd5 17.Qe2 Be7 18.Rd1 Qc5 19.Rbd2 g6 20.Ra2 h6 21.Be3 Qxc3 22.Rc2 Qb4
23.Bd2 Qh4 24.Qxe5 Bf6 25.Qc7 Kg7 26.Be2 Qe4 27.Bf3 Qe5 28.Qc4 Rd8 29.Re1 Qd4
30.Qa2 e5 31.Ba5 Be6 32.Qa3 Rd7 33.Bc3 Qd3 34.Qb2 Bf5 35.Rd2 Qc4 36.Rxd7 Bxd7
37.Bxe5 Qe6 38.Qxb7 Re8 39.Bxf6+ Qxf6 40.Rc1 Qc3 41.Rf1 Be6 42.Qxa7  1/2-1/2

[Event "Primorsko op"]
[Site "Primorsko"]
[Date "1989.??.??"]
[Round "?"]
[White "Liangov, Peter"]
[Black "Georgiev, Kiril"]
[Result "0-1"]
[WhiteElo "2240"]
[BlackElo "2590"]

1.e4 e5 2.Nf3 Nc6 3.Bb5 Nge7 4.O-O g6 5.c3 Bg7 6.d4 exd4 7.cxd4 d5 8.e5 O-O
9.h3 f6 10.exf6 Rxf6 11.Be3 Qd6 12.Nc3 Be6 13.Ne5 Nf5 14.Bg5 Ncxd4 15.Bxf6 Bxf6
16.Ng4 Bg7 17.Bd3 Nh4 18.Be2 Rf8 19.g3 Nhf3+ 20.Kg2 h5 21.Bxf3 Nxf3 22.Nh2 Ng5
23.g4 d4 24.Ne2 Be5 25.h4 Bd5+ 26.f3 Nxf3 27.Nxf3 hxg4 28.Ng1 gxf3+ 29.Rxf3 Bh2
30.Kf1 Bxf3 31.Nxf3 Qg3  0-1

[Event "San Bernardino op"]
[Site "San Bernardino"]
[Date "1989.??.??"]
[Round "4"]
[White "Georgiev, Kiril"]
[Black "Summermatter, Daniel"]
[Result "1-0"]
[WhiteElo "2590"]
[BlackElo "2435"]

1.Nf3 Nf6 2.c4 e6 3.Nc3 Bb4 4.Qc2 O-O 5.a3 Bxc3 6.Qxc3 b6 7.b3 Bb7 8.Bb2 d6
9.g3 Nbd7 10.Bg2 Qe7 11.O-O c5 12.d3 Rac8 13.e4 Rfd8 14.Rfe1 Rc7 15.Rad1 Qf8
16.Nh4 Ne5 17.d4 cxd4 18.Qxd4 Qe7 19.a4 Nc6 20.Qc3 Ne8 21.Rd2 Rcc8 22.Red1 Qc7
23.Nf3 a6 24.e5 dxe5 25.Nxe5 Rxd2 26.Rxd2 Nxe5 27.Qxe5 Bxg2 28.Qxc7 Nxc7
29.Kxg2 b5 30.cxb5 axb5 31.Rc2  1-0

[Event "BUL-ch"]
[Site "Sofia"]
[Date "1989.??.??"]
[Round "3"]
[White "Popov, Petar"]
[Black "Georgiev, Kiril"]
[Result "0-1"]
[WhiteElo "2375"]
[BlackElo "2590"]

1.c4 e5 2.Nc3 Nf6 3.Nf3 Nc6 4.g3 d5 5.cxd5 Nxd5 6.Bg2 Nb6 7.O-O Be7 8.d3 O-O
9.a4 a5 10.Nb5 Be6 11.Qc2 Nd5 12.Bd2 Rc8 13.Bc3 Ndb4 14.Qd1 f6 15.Nd2 Qd7
16.Re1 b6 17.Na3 Rfd8 18.Nac4 Bf8 19.Qb1 Qf7 20.Ne3 Bc5 21.Nc2 Nd5 22.Ne4 Be7
23.Bd2 Nd4 24.Nxd4 exd4 25.Bc1 h6 26.Nd2 Bb4 27.Rd1 Bg4 28.Nf3 c5 29.h3 Be6
30.Nd2 Qh5 31.g4 Qe5 32.Ne4 h5 33.Bf3 hxg4 34.hxg4 Kf7 35.Kg2 Rh8 36.Ng3 Rh4
37.Rh1 Rch8 38.Rxh4 Rxh4 39.Qc2 Bxg4  0-1

[Event "BUL-ch"]
[Site "Sofia"]
[Date "1989.??.??"]
[Round "6"]
[White "Georgiev, Kiril"]
[Black "Georgiev, Krum"]
[Result "1-0"]
[WhiteElo "2590"]
[BlackElo "2485"]

1.d4 Nf6 2.c4 g6 3.Nc3 Bg7 4.e4 d6 5.f3 O-O 6.Be3 a6 7.Qd2 c6 8.a4 a5 9.Bd3 e5
10.Nge2 Na6 11.Rd1 Nd7 12.O-O Re8 13.Kh1 Nf8 14.f4 Ne6 15.Bb1 c5 16.dxe5 dxe5
17.Nd5 Nac7 18.f5 Nd4 19.Nec3 Nxd5 20.Nxd5 Bd7 21.Bh6 Ra6 22.Bxg7 Kxg7 23.f6+ Kh8
24.Qh6 Rg8 25.Rd3 g5 26.Rg3 Rg6 27.Qh5 Qf8 28.Rxg5  1-0

[Event "BUL-ch"]
[Site "Sofia"]
[Date "1989.??.??"]
[Round "7"]
[White "Georgiev, Kiril"]
[Black "Ermenkov, Evgenij"]
[Result "1-0"]
[WhiteElo "2590"]
[BlackElo "2490"]

1.e4 c5 2.Nf3 d6 3.d4 Nf6 4.Nc3 cxd4 5.Nxd4 Nc6 6.Be3 e6 7.Qd2 Be7 8.f3 O-O
9.O-O-O a6 10.g4 Nxd4 11.Bxd4 Nd7 12.h4 b5 13.g5 Rb8 14.Kb1 b4 15.Ne2 e5
16.Ba7 Rb7 17.Be3 Qa5 18.Nc1 Nc5 19.Nb3 Nxb3 20.cxb3 Be6 21.Bc4 Rc8 22.Rc1 Rbc7
23.Qd3 Rc6 24.h5 Bxc4 25.bxc4 Qc7 26.b3 Qd7 27.Rcg1 Qe6 28.Rg2 a5 29.g6 R8c7
30.gxh7+ Kh8 31.Rhg1 Bf8 32.f4 exf4 33.Bd4 Re7 34.Rxg7 Bxg7 35.Bxg7+ Kxh7
36.e5+ f5 37.exf6 Qe4 38.Qxe4+ Rxe4 39.f7 Re1+ 40.Rxe1 Kxg7 41.Rf1 Rc5 42.Rxf4 Kf8
43.h6 Rh5 44.Rf6 Rh1+ 45.Kc2 Rh2+ 46.Kd3 Rxa2 47.h7 Rh2 48.Rxd6 Kxf7 49.Rd8 Rh3+
50.Kd4 Rh4+ 51.Kc5 Rh5+ 52.Kc6  1-0